Missing Word: Films Set in Germany Quiz Stats

 Plays Quiz Updated Aug 6, 2018

Challenge
Share
Tweet
Embed
Score 0/16 Timer 04:00
1 Play Today
Title Missing Word % Correct
Schindler's ____List
98.4%
Inglourious ____Basterds
96%
The ____ SupremacyBourne
92.4%
____ Lampoon's European VacationNational
91.9%
____ Bye, Lenin!Good
90.8%
Das ____Boot
88.7%
The Grand ____ HotelBudapest
84.3%
The Boy in the ____ PajamasStriped
82.1%
Title Missing Word % Correct
The Monuments ____Men
76%
The Book ____Thief
63.4%
Bridge of ____Spies
61.6%
____ 17Stalag
59%
Run ____ RunLola
57.7%
____ at NurembergJudgment
48.8%
Buffalo ____Soldiers
37%
The Lives of ____Others
33%

Today's Daily Dose

You're not logged in!

Compare scores with friends on all Sporcle quizzes.
OR
Log In

You Might Also Like...

Show Comments

Extras

Top Quizzes Today


Score Distribution

Your Account Isn't Verified!

In order to create a playlist on Sporcle, you need to verify the email address you used during registration. Go to your Sporcle Settings to finish the process.

Report this User

Report this user for behavior that violates our Community Guidelines.

Details: